| Tag |
First Indicator |
Second Indicator |
Subfields |
| LEADER |
00000cam a2200000Ka 4500 |
| 001 |
in00002782640 |
| 005 |
20151202171827.0 |
| 008 |
111202s2012 ne a b 001 0 eng d |
| 020 |
|
|
|a 9789400739093
|
| 020 |
|
|
|a 9400739095
|
| 035 |
|
|
|a (OCoLC)ocn767567974
|
| 035 |
|
|
|a (OCoLC)767567974
|
| 040 |
|
|
|a BTCTA
|b eng
|c BTCTA
|d YDXCP
|d BWX
|d ERASA
|d OHX
|d YOU
|d DGU
|d TXA
|d UtOrBLW
|
| 043 |
|
|
|a a-cc---
|
| 049 |
|
|
|a TXAM
|
| 050 |
|
4 |
|a HM851
|b .N482 2012
|
| 072 |
|
7 |
|a HE
|2 lcco
|
| 245 |
0 |
0 |
|a New connectivities in China :
|b virtual, actual and local Interactions /
|c Pui-lam Law, editor.
|
| 264 |
|
1 |
|a Dordrecht ;
|a New York :
|b Springer Verlag,
|c [2012]
|
| 264 |
|
4 |
|c ©2012
|
| 300 |
|
|
|a xxi, 234 pages :
|b illustrations (some color) ;
|c 24 cm.
|
| 336 |
|
|
|a text
|b txt
|2 rdacontent
|
| 337 |
|
|
|a unmediated
|b n
|2 rdamedia
|
| 338 |
|
|
|a volume
|b nc
|2 rdacarrier
|
| 504 |
|
|
|a Includes bibliographical references and index.
|
| 650 |
|
0 |
|a Internet
|x Social aspects
|z China.
|
| 650 |
|
0 |
|a Information technology
|x Social aspects
|z China.
|
| 650 |
|
0 |
|a Cell phones
|x Social aspects
|z China.
|
| 700 |
1 |
|
|a Luo, Peilin,
|d 1957-
|
| 948 |
|
|
|a cataloged
|b h
|c 2013/2/5
|d c
|e jolivare
|f 9:41:37 am
|
| 994 |
|
|
|a C0
|b TXA
|
| 999 |
|
|
|a MARS
|
| 999 |
f |
f |
|s b7ce6e98-2abf-3e87-9d5f-d55fcfaf88e6
|i 3183855f-42b2-321b-a998-ea04ab4996c8
|t 0
|
| 952 |
f |
f |
|p normal
|a Texas A&M University
|b College Station
|c Sterling C. Evans Library
|d Evans: Library Stacks
|t 0
|e HM851 .N482 2012
|h Library of Congress classification
|i unmediated -- volume
|m A14841657839
|
| 998 |
f |
f |
|a HM851 .N482 2012
|t 0
|l Evans: Library Stacks
|